| 000 | 00701nam a2200217 a 4500 | ||
|---|---|---|---|
| 001 | BRCA_8296 | ||
| 005 | 20190320210221.0 | ||
| 008 | 160614s1954----mx-a###f##---#001-0#spa-# | ||
| 041 | _aspa | ||
| 044 | _amx | ||
| 050 | 4 |
_aN6550 _b.A7 1954 |
|
| 245 | 1 | 0 |
_aNúmero especial dedicado a la Exposición de Arte Mexicano _credacción de Isaac Rojas Rosillo. |
| 260 |
_aMéxico _bBuró Interamericano de Arte _c1954 |
||
| 300 |
_a80 p. _bil. _c29 cm. |
||
| 500 | _aPublicación seriada inventariada por el Banco de México como libro (No. 3 marzo de 1954) | ||
| 500 | _aS102 | ||
| 650 | 1 | 4 |
_aArte mexicano _vExposiciones _920716 |
| 700 | 1 |
_aRojas Rosillo, Isaac _920717 |
|
| 902 | _aGFM | ||
| 942 |
_2lcc _cB |
||
| 999 |
_c7964 _d7964 |
||